000 00480nam a2200181Ia 4500
005 20250326141827.0
008 250326s9999 xx 000 0 und d
037 _aTextbook
040 _aFMSL
_beng
_cFMSL
041 _aeng
_2eng
084 _aT M6
_qFMSL
100 _aHans N
_9745124
245 0 _aComparative Education
_cHans N
260 _aNew Delhi
_bNew Delhi, Universal Book Stall
_c1986
300 _a344p
942 _cTB
_hT M6
999 _c1292163
_d1292163